LEADER 01040nam a2200277 i 4500 001 991003215689707536 005 20021205143835.0 008 020205s|||| uk ||| | eng 020 $a0415224454 035 $ab11771926-39ule_inst 035 $aPARLA222030$9ExL 040 $aDip.to Filosofia$bita 082 0 $a330 111 2 $aEuropean Conference on the History of Economics <4. : 1998>$0530684 245 10$aEconomics and interdisciplinary exchange /$cedited by Guido Erreygers 260 $aLondon ; New York :$bRoutledge,$c2001 300 $axvi, 214 p. ;$c23 cm. 490 0 $aRoutledge studies in the history of economics ;$v35 650 4$aEconomia$xCongressi 700 1 $aErreygers, Guido 907 $a.b11771926$b27-04-17$c09-12-02 912 $a991003215689707536 945 $aLE005 55 A 340$g1$i2005000121913$lle005$o-$pE0.00$q-$rl$s- $t0$u0$v0$w0$x0$y.i12018090$z09-12-02 996 $aEconomics and interdisciplinary exchange$9907067 997 $aUNISALENTO 998 $ale005$b01-01-02$cm$da $e-$feng$guk $h0$i1